Sports Quiz

Random Sports or NFL Quiz

NFL Career Rushing Leaders Quiz Stats

 Plays Quiz Updated Jan 4, 2021

Support Sporcle.
Go Orange.
Score 0/31 Timer 06:00
6 Plays Today
Yards Rusher % Correct
18,355Emmitt Smith
96%
15,269Barry Sanders
88.8%
16,726Walter Payton
88.6%
13,684LaDainian Tomlinson
83.8%
14,820Adrian Peterson
81.8%
12,312Jim Brown
79.4%
16,000Frank Gore
72.3%
13,662Jerome Bettis
67.9%
12,279Marshall Faulk
67.7%
14,101Curtis Martin
66.3%
12,246Edgerrin James
64.6%
13,259Eric Dickerson
64.6%
11,438Steven Jackson
63.3%
11,236O.J. Simpson
60%
10,009Ricky Williams
59.3%
12,243Marcus Allen
55.6%
Yards Rusher % Correct
10,413Marshawn Lynch
54.5%
12,120Franco Harris
53%
12,074Thurman Thomas
52.1%
11,695Fred Taylor
50.5%
10,607Jamal Lewis
49.5%
11,102LeSean McCoy
48.9%
10,449Tiki Barber
48.7%
11,352John Riggins
44.8%
12,739Tony Dorsett
43.7%
11,241Corey Dillon
43.1%
10,441Eddie George
42.6%
10,273Ottis Anderson
41%
10,967Warrick Dunn
39.4%
10,591Thomas Jones
31.4%
10,643Ricky Watters
31.2%

From the Vault

Match the Mixed-Up Movies

by MSUKent

Movies 4m
Don't get all mixed-up now.
Remove Ads.
Support Sporcle.
Get the best of Sporcle when you Go Orange. This ad-free experience offers more features, more stats, and more fun while also helping to support Sporcle. Thank you for becoming a member.

Show Comments

Extras

Top Quizzes Today


Score Distribution

Your Account Isn't Verified!

In order to create a playlist on Sporcle, you need to verify the email address you used during registration. Go to your Sporcle Settings to finish the process.

Report this User

Report this user for behavior that violates our Community Guidelines.

Details: